000
00330nam a2200133Ia 4500
008
100328s9999 xx 000 0 und d
082
_b
9929
100
_a
आयरे ला.कृ.
245
_a
ईर्षा
260
_b
वसुंारा
630
_a
ईर्षा
730
_a
ईर्षा
942
_c
BOOK
999
_c
505486
_d
505483